[Event "Wroclaw-ch"]
[Site "Wroclaw"]
[Date "2003.??.??"]
[Round "7"]
[White "Hodowany, Wojciech"]
[Black "Chrzanowski, Michal"]
[Result "1-0"]
[WhiteElo "1800"]
[BlackElo "1800"]
[PlyCount "59"]
[EventDate "2003.??.??"]
[EventType "swiss"]
[EventRounds "9"]
[EventCountry "POL"]
[SourceTitle "EXT 2007"]
[Source "ChessBase"]
[SourceDate "2006.11.23"]
[SourceVersion "1"]
[SourceVersionDate "2006.11.23"]
[SourceQuality "1"]

1. d4 g6 2. c4 Bg7 3. Nf3 d6 4. Nc3 Nc6 5. e4 e5 6. Be3 Nh6 7. dxe5 Nxe5 8. Nxe5 dxe5 9. Qxd8+ Kxd8 10. Rd1+ Bd7 11. Nd5 Ng4 12. Bc5 b6 13. Be7+ Kc8 14. h3 c6 15. hxg4 cxd5 16. cxd5 Bxg4 17. f3 Kd7 18. Bb4 a5 19. Bc3 Bxf3 20. gxf3 h5 21. Bb5+ Kd6 22. Ke2 Bh6 23. Bd2 Bg7 24. Rc1 Rac8 25. b4 Rxc1 26. Rxc1 Bh6 27. Rc6+ Ke7 28. d6+ Kf6 29. d7+ Ke7 30. Rc8 1-0

[Event "Wroclaw-ch"]
[Site "Wroclaw"]
[Date "2003.??.??"]
[Round "1"]
[White "Polishchuk, Oleg"]
[Black "Chrzanowski, Michal"]
[Result "1-0"]
[WhiteElo "2200"]
[BlackElo "1800"]
[PlyCount "79"]
[EventDate "2003.??.??"]
[EventType "swiss"]
[EventRounds "9"]
[EventCountry "POL"]
[SourceTitle "EXT 2007"]
[Source "ChessBase"]
[SourceDate "2006.11.23"]
[SourceVersion "1"]
[SourceVersionDate "2006.11.23"]
[SourceQuality "1"]

1. d4 g6 2. e4 Bg7 3. Be3 d6 4. Nc3 Nc6 5. Bc4 e5 6. d5 Nce7 7. g4 f5 8. gxf5 gxf5 9. Qh5+ Ng6 10. exf5 Qh4 11. Bb5+ Kf8 12. Qf3 N6e7 13. Bd3 Qb4 14. 0-0-0 Nf6 15. Nge2 e4 16. Bxe4 Nxe4 17. Qxe4 Qxe4 18. Nxe4 Bxf5 19. N2g3 Bg4 20. f3 Bd7 21. Nh5 Nf5 22. Bg5 Bh6 23. h4 Bb5 24. Nf4 Kf7 25. Bxh6 Nxh6 26. Ng5+ Ke7 27. Rde1+ Kd7 28. b3 Rae8 29. c4 Ba6 30. Nh5 Ref8 31. Re6 Ng8 32. Rg1 h6 33. Ne4 Rxf3 34. Rg7+ Kd8 35. c5 Rf1+ 36. Kd2 Rf5 37. cxd6 Rxd5+ 38. Ke3 c5 39. Nf4 Rf5 40. Ng6 1-0

[Event "Wroclaw-ch"]
[Site "Wroclaw"]
[Date "2003.??.??"]
[Round "3"]
[White "Rzewnicki, Pawel"]
[Black "Chrzanowski, Michal"]
[Result "0-1"]
[WhiteElo "1800"]
[BlackElo "1800"]
[PlyCount "86"]
[EventDate "2003.??.??"]
[EventType "swiss"]
[EventRounds "9"]
[EventCountry "POL"]
[SourceTitle "EXT 2007"]
[Source "ChessBase"]
[SourceDate "2006.11.23"]
[SourceVersion "1"]
[SourceVersionDate "2006.11.23"]
[SourceQuality "1"]

1. e4 e5 2. Nf3 Nc6 3. Bb5 a6 4. Ba4 Nf6 5. 0-0 Nxe4 6. d4 b5 7. Bb3 d5 8. dxe5 Be6 9. Bf4 g5 10. Bg3 Bg7 11. Re1 Nxg3 12. fxg3 g4 13. Nd4 Nxe5 14. Nxe6 fxe6 15. Nd2 Qd7 16. a4 b4 17. a5 0-0-0 18. Qe2 Kb7 19. c3 bxc3 20. bxc3 Rhe8 21. Reb1 Ka7 22. Ba4 Nc6 23. Ra3 Rb8 24. Rab3 Rxb3 25. Rxb3 e5 26. c4 d4 27. Qe4 Re6 28. Qxg4 Bh6 29. Qe2 Be3+ 30. Kh1 Qf7 31. Ne4 Nxa5 32. Rb1 Rb6 33. Rxb6 cxb6 34. c5 b5 35. Bc2 Qc4 36. Qd1 b4 37. Ba4 b3 38. Nd6 Qxa4 39. Qf1 Qd7 40. Qa1 Qc7 41. Ne4 Nc4 42. h3 b2 43. Qb1 Qa5 0-1

[Event "Wroclaw-ch"]
[Site "Wroclaw"]
[Date "2003.??.??"]
[Round "5"]
[White "Szumilas, Piotr"]
[Black "Chrzanowski, Michal"]
[Result "1/2-1/2"]
[WhiteElo "1800"]
[BlackElo "1800"]
[PlyCount "99"]
[EventDate "2003.??.??"]
[EventType "swiss"]
[EventRounds "9"]
[EventCountry "POL"]
[SourceTitle "EXT 2007"]
[Source "ChessBase"]
[SourceDate "2006.11.23"]
[SourceVersion "1"]
[SourceVersionDate "2006.11.23"]
[SourceQuality "1"]

1. e4 e5 2. Nf3 Nc6 3. d4 exd4 4. Nxd4 Nf6 5. Nc3 Bb4 6. Nxc6 bxc6 7. Bd3 d5 8. exd5 cxd5 9. 0-0 0-0 10. Bg5 c6 11. Ne2 Bc5 12. c3 Bg4 13. Qc2 Bxe2 14. Qxe2 Re8 15. Qf3 Be7 16. Rfe1 Qd6 17. Re2 h6 18. Bh4 Kf8 19. Rae1 d4 20. c4 Qd7 21. a3 c5 22. h3 Rad8 23. Bg3 Bd6 24. Bxd6+ Qxd6 25. Rxe8+ Rxe8 26. Rxe8+ Nxe8 27. Qe4 Qb6 28. Qe2 Qf6 29. b4 Qd6 30. Qb2 Qb6 31. Qd2 Kg8 32. bxc5 Qxc5 33. Qb4 Qe5 34. Kf1 g6 35. Qe1 Qb8 36. Qe4 Qd8 37. Qb7 a5 38. Qd5 Qxd5 39. cxd5 Kf8 40. Ke2 Ke7 41. Bc4 Kd6 42. Kd3 Kc5 43. Bb3 Nd6 44. g4 f5 45. f3 Nb5 46. a4 Nd6 47. Ba2 Nb7 48. Bb3 Nd6 49. Ba2 Nb7 50. Bb3 1/2-1/2